Cash McCall : a novel / (Record no. 76613)
[ view plain ]
| 000 -LEADER | |
|---|---|
| fixed length control field | 00636nam a22002412i 4500 |
| 001 - CONTROL NUMBER | |
| control field | 76613 |
| 003 - CONTROL NUMBER IDENTIFIER | |
| rucl marc code | BD-RjUL |
| 005 - DATE AND TIME OF LATEST TRANSACTION | |
| control field | 20211209082850.0 |
| 008 - FIXED-LENGTH DATA ELEMENTS--GENERAL INFORMATION | |
| fixed length control field | 860101s1956 xx 000 0 eng u |
| 035 ## - SYSTEM CONTROL NUMBER | |
| System control number | BD-RjUL)76837 |
| 040 ## - CATALOGING SOURCE | |
| Original cataloging agency | SNC |
| Modifying agency | UKM |
| -- | EQO |
| Language of cataloging | eng |
| Transcribing agency | BD-RjUL |
| 041 ## - LANGUAGE CODE | |
| Language code of text/sound track or separate title | eng |
| 082 ## - DEWEY DECIMAL CLASSIFICATION NUMBER | |
| Classification number | 813.5 |
| Author mark and year | HAC 1955 |
| 092 ## - LOCALLY ASSIGNED DEWEY CALL NUMBER (OCLC) | |
| Classification number | D0503121163 |
| 100 1# - MAIN ENTRY--PERSONAL NAME | |
| Personal name | Hawley, Cameron. |
| 9 (RLIN) | 236896 |
| 245 10 - TITLE STATEMENT | |
| Title | Cash McCall : a novel / |
| Statement of responsibility, etc. | by Cameron Hawley |
| 260 ## - PUBLICATION, DISTRIBUTION, ETC. (IMPRINT) | |
| Place of publication, distribution, etc. | London : |
| Name of publisher, distributor, etc. | Hammond, |
| Date of publication, distribution, etc. | 1956 |
| 300 ## - PHYSICAL DESCRIPTION | |
| Pagination | 446 p. ; |
| Size | 21 cm |
| 650 ## - SUBJECT ADDED ENTRY--TOPICAL TERM | |
| Topical term or geographic name as entry element | English Fiction |
| 9 (RLIN) | 236897 |
| 942 ## - ADDED ENTRY ELEMENTS (KOHA) | |
| Source of classification or shelving scheme | Dewey Decimal Classification |
| Koha item type | Books |
| Lost status | Source of classification or shelving scheme | Damaged status | Not for loan | Collection code | Permanent Location | Current Location | Shelving location | Date acquired | Total Checkouts | Full call number | Date last seen | Copy number | Koha item type |
|---|---|---|---|---|---|---|---|---|---|---|---|---|---|
| Dewey Decimal Classification | Not For Loan | Fiction | Central Library, University of Rajshahi | Central Library, University of Rajshahi | Reading Room | 26/12/2019 | 813.5 HAC 1955 | 26/12/2019 | C-1 | Books |